00631nam a2200169 a 450000100100000000500170001000800410002704000250006810000370009324500890013025000120021926000490023130000110028070000480029195201050033999900170044400003832420201002031229.0130408s2005 dr 000 0 spa d aDO-SdBNPbspacBNPHU1 aGavilán, José María96468513aEl genio vendido /cJosé María Gavilán ; prólogo Luz Albania Gavilán Melo. a2a. ed. aSanto Domingo :bEditora Serrallés,c2005. a202 p.1 aGavilán Melo, Luz Albaniaepról.964686 0010718PDaPDbPDcCTd2013-04-08iLF1l0o p38324-10r2020-06-25w2020-06-25yLFPDZNo se presta c37814d37814